| 000 | 00918nam a2200277 a 4500 | ||
|---|---|---|---|
| 001 | 000027572 | ||
| 003 | DO-SdBNP | ||
| 005 | 20260305073951.0 | ||
| 007 | ta | ||
| 008 | 110401s1974 dr 000 0 spa d | ||
| 040 |
_aDO-SdBNP _bspa _cDO-SdBNP |
||
| 082 | 4 |
_a972.9302 _bM938h _222 |
|
| 100 | 1 |
_aMoya Pons, Frank, _d1944- _92095 |
|
| 245 | 1 | 0 |
_aHistoria colonial de Santo Domingo / _cFrank Moya Pons. |
| 260 |
_aSantiago de los Caballeros, República Dominicana : _bUCMM, _c1974. |
||
| 300 |
_a449 p. ; _c22 cm. |
||
| 490 | 1 | _aEstudios | |
| 500 | _aIncluye índice de nombres. | ||
| 504 | _aBibliografía : p. 427-438. | ||
| 590 | _aInventariado, 2020/VM | ||
| 651 | 0 |
_aRepública Dominicana -- _xHistoria -- _yColonia, 1503-1844 _911397 |
|
| 710 | 2 |
_aPontificia Universidad Católica Madre y Maestra _9843 |
|
| 830 | 0 |
_aEstudios _93854 |
|
| 910 | _aValidado. Control de calidad MMOLINA | ||
| 942 |
_2ddc _cLBS1 |
||
| 999 |
_c27064 _d27064 |
||